[Event "15e festival de Meurthe et Moselle Rapide"]
[Site "?"]
[Date "2017.02.19"]
[Round "8.2"]
[White "Zatonskih, Anna"]
[Black "Iglesias, Joachim"]
[Result "1/2-1/2"]
[LiveChessVersion "1.4.8"]
[BlackElo "2273"]
[WhiteElo "2443"]

1. e4 {[%clk 0:15:09]} d6 {[%clk 0:14:32]} 2. d4 {[%clk 0:15:07]} Nf6
{[%clk 0:14:34]} 3. Nc3 {[%clk 0:15:08]} e5 {[%clk 0:14:36]} 4. Nf3
{[%clk 0:14:44]} Nbd7 {[%clk 0:14:39]} 5. Bc4 {[%clk 0:14:46]} Be7
{[%clk 0:14:42]} 6. a4 {[%clk 0:14:48]} c6 {[%clk 0:14:23]} 7. a5
{[%clk 0:14:38]} O-O {[%clk 0:14:24]} 8. O-O {[%clk 0:14:41]} Rb8
{[%clk 0:14:25]} 9. d5 {[%clk 0:07:45]} b5 {[%clk 0:14:04]} 10. axb6
{[%clk 0:07:25]} Nxb6 {[%clk 0:14:07]} 11. Bb3 {[%clk 0:07:15]} cxd5
{[%clk 0:14:03]} 12. exd5 {[%clk 0:07:00]} a6 {[%clk 0:13:32]} 13. Be3
{[%clk 0:05:54]} Nfd7 {[%clk 0:10:38]} 14. Nd2 {[%clk 0:04:49]} f5
{[%clk 0:10:16]} 15. Qe2 {[%clk 0:03:38]} Kh8 {[%clk 0:09:27]} 1/2-1/2

[Event "15e festival de Meurthe et Moselle Rapide"]
[Site "?"]
[Date "2017.02.19"]
[Round "8.3"]
[White "Adrian, Claude"]
[Black "Moucheroud, Jeremy"]
[Result "1-0"]
[LiveChessVersion "1.4.8"]
[BlackElo "2197"]
[WhiteElo "2233"]

1. Nf3 {[%clk 0:15:08]} d5 {[%clk 0:15:08]} 2. c4 {[%clk 0:15:11]} e6
{[%clk 0:15:05]} 3. g3 {[%clk 0:15:13]} Nf6 {[%clk 0:15:09]} 4. Bg2
{[%clk 0:15:17]} Be7 {[%clk 0:14:11]} 5. d4 {[%clk 0:15:09]} O-O {[%clk 0:13:37]}
6. O-O {[%clk 0:15:11]} dxc4 {[%clk 0:13:27]} 7. Na3 {[%clk 0:15:07]} Nbd7
{[%clk 0:12:44]} 8. Nxc4 {[%clk 0:15:04]} c5 {[%clk 0:12:29]} 9. dxc5
{[%clk 0:14:40]} Nxc5 {[%clk 0:12:15]} 10. Qc2 {[%clk 0:14:41]} Bd7
{[%clk 0:11:28]} 11. Nfe5 {[%clk 0:14:25]} Bb5 {[%clk 0:09:32]} 12. Rd1
{[%clk 0:14:16]} Qc8 {[%clk 0:09:00]} 13. b3 {[%clk 0:13:36]} Rd8
{[%clk 0:08:09]} 14. Bb2 {[%clk 0:13:39]} Qc7 {[%clk 0:06:06]} 15. Rac1
{[%clk 0:12:05]} Rxd1+ {[%clk 0:05:40]} 16. Qxd1 {[%clk 0:12:03]} Rd8
{[%clk 0:05:40]} 17. Qc2 {[%clk 0:12:06]} Qb8 {[%clk 0:05:06]} 18. Ne3
{[%clk 0:11:00]} Na6 {[%clk 0:04:48]} 19. a3 {[%clk 0:10:16]} Bd6
{[%clk 0:04:30]} 20. N5g4 {[%clk 0:09:54]} Nxg4 {[%clk 0:02:56]} 21. Nxg4
{[%clk 0:09:58]} f5 {[%clk 0:01:46]} 22. Qc3 {[%clk 0:09:30]} Rd7
{[%clk 0:01:50]} 23. Nh6+ {[%clk 0:05:32]} Kf8 {[%clk 0:01:54]} 24. a4
{[%clk 0:05:20]} Rc7 {[%clk 0:00:52]} 25. Qe3 {[%clk 0:05:04]} Rxc1+
{[%clk 0:00:53]} 26. Bxc1 {[%clk 0:04:58]} Bd7 {[%clk 0:00:43]} 27. Bb2
{[%clk 0:04:26]} gxh6 {[%clk 0:00:19]} 28. Qxh6+ {[%clk 0:04:19]} Ke8
{[%clk 0:00:23]} 29. Qxh7 {[%clk 0:03:43]} Nc5 {[%clk 0:00:22]} 30. Bf3
{[%clk 0:03:23]} Kd8 {[%clk 0:00:19]} 31. h4 {[%clk 0:02:56]} Nxb3
{[%clk 0:00:13]} 32. h5 {[%clk 0:02:53]} Nd2 {[%clk 0:00:10]} 33. Qg8+
{[%clk 0:02:05]} Kc7 {[%clk 0:00:08]} 34. Qxb8+ {[%clk 0:02:05]} Kxb8
{[%clk 0:00:12]} 35. h6 {[%clk 0:02:08]} Nxf3+ {[%clk 0:00:11]} 36. exf3 1-0

[Event "15e festival de Meurthe et Moselle Rapide"]
[Site "?"]
[Date "2017.02.19"]
[Round "8.4"]
[White "Potrel, Manu"]
[Black "Fridman, Daniel"]
[Result "0-1"]
[LiveChessVersion "1.4.8"]
[BlackElo "2594"]
[WhiteElo "2156"]

1. e4 {[%clk 0:15:09]} c6 {[%clk 0:15:09]} 2. d4 {[%clk 0:15:13]} d5
{[%clk 0:15:13]} 3. Nd2 {[%clk 0:15:17]} dxe4 {[%clk 0:15:16]} 4. Nxe4
{[%clk 0:15:21]} Bf5 {[%clk 0:15:20]} 5. Ng3 {[%clk 0:15:24]} Bg6
{[%clk 0:15:24]} 6. h4 {[%clk 0:15:28]} h6 {[%clk 0:15:28]} 7. Nf3
{[%clk 0:15:32]} e6 {[%clk 0:15:32]} 8. Ne5 {[%clk 0:15:33]} Bh7 {[%clk 0:15:36]}
9. Bd3 {[%clk 0:15:36]} Bxd3 {[%clk 0:15:40]} 10. Qxd3 {[%clk 0:15:39]} Nd7
{[%clk 0:15:41]} 11. f4 {[%clk 0:15:34]} Be7 {[%clk 0:15:39]} 12. Nh5
{[%clk 0:14:02]} Bxh4+ {[%clk 0:12:16]} 13. g3 {[%clk 0:14:06]} Bf6
{[%clk 0:12:20]} 14. Bd2 {[%clk 0:13:44]} Qc7 {[%clk 0:10:44]} 15. O-O-O
{[%clk 0:13:39]} Ne7 {[%clk 0:08:56]} 16. g4 {[%clk 0:12:06]} Rd8
{[%clk 0:06:09]} 17. Qe4 {[%clk 0:06:49]} c5 {[%clk 0:04:33]} 18. g5
{[%clk 0:05:44]} Bxe5 {[%clk 0:04:30]} 19. fxe5 {[%clk 0:05:03]} Nf5
{[%clk 0:04:18]} 20. gxh6 {[%clk 0:04:37]} gxh6 {[%clk 0:04:22]} 21. Bc3
{[%clk 0:03:02]} cxd4 {[%clk 0:02:38]} 22. Bxd4 {[%clk 0:02:56]} Nxd4
{[%clk 0:02:17]} 23. Rxd4 {[%clk 0:00:22]} Qxe5 {[%clk 0:02:20]} 24. Rxd7
{[%clk 0:00:18]} Qg5+ {[%clk 0:02:24]} 0-1

[Event "15e festival de Meurthe et Moselle Rapide"]
[Site "?"]
[Date "2017.02.19"]
[Round "9.3"]
[White "Fridman, Daniel"]
[Black "Adrian, Claude"]
[Result "1-0"]
[LiveChessVersion "1.4.8"]
[BlackElo "2233"]
[WhiteElo "2594"]

1. d4 {[%clk 0:15:08]} d5 {[%clk 0:14:57]} 2. Nf3 {[%clk 0:15:11]} Nc6
{[%clk 0:15:00]} 3. c4 {[%clk 0:15:08]} e5 {[%clk 0:15:04]} 4. e3
{[%clk 0:14:32]} exd4 {[%clk 0:14:52]} 5. exd4 {[%clk 0:14:35]} Nf6
{[%clk 0:14:47]} 6. Nc3 {[%clk 0:14:38]} Bb4 {[%clk 0:14:46]} 7. Bg5
{[%clk 0:14:22]} O-O {[%clk 0:14:39]} 8. cxd5 {[%clk 0:13:49]} Qxd5
{[%clk 0:14:31]} 9. Bxf6 {[%clk 0:13:50]} gxf6 {[%clk 0:14:34]} 10. Be2
{[%clk 0:13:48]} Bg4 {[%clk 0:12:05]} 11. O-O {[%clk 0:13:45]} Bxc3
{[%clk 0:11:57]} 12. bxc3 {[%clk 0:13:49]} Rfe8 {[%clk 0:12:01]} 13. Re1
{[%clk 0:13:45]} Re7 {[%clk 0:11:16]} 14. h3 {[%clk 0:13:36]} Bh5
{[%clk 0:11:09]} 15. Qb3 {[%clk 0:08:36]} Qxb3 {[%clk 0:10:58]} 16. axb3
{[%clk 0:08:39]} Rae8 {[%clk 0:11:01]} 17. Bb5 {[%clk 0:08:34]} Rxe1+
{[%clk 0:07:36]} 18. Nxe1 {[%clk 0:08:37]} a6 {[%clk 0:06:00]} 19. Bxc6
{[%clk 0:08:26]} bxc6 {[%clk 0:06:04]} 20. Nd3 {[%clk 0:07:54]} Kg7
{[%clk 0:05:55]} 21. Nf4 {[%clk 0:07:31]} Bg6 {[%clk 0:05:49]} 22. Rxa6
{[%clk 0:07:16]} Re1+ {[%clk 0:05:50]} 23. Kh2 {[%clk 0:07:19]} c5
{[%clk 0:05:13]} 24. dxc5 {[%clk 0:07:01]} Rc1 {[%clk 0:05:14]} 25. Nd5
{[%clk 0:06:51]} Be4 {[%clk 0:05:12]} 26. Nxf6 {[%clk 0:06:49]} Bb7
{[%clk 0:05:16]} 27. Nh5+ {[%clk 0:06:52]} Kf8 {[%clk 0:05:12]} 28. Ra7
{[%clk 0:06:55]} Bd5 {[%clk 0:05:15]} 29. c4 {[%clk 0:06:54]} Ke7 1-0

[Event "15e festival de Meurthe et Moselle Rapide"]
[Site "?"]
[Date "2017.02.19"]
[Round "9.4"]
[White "Doluhanova, Evgeniya"]
[Black "Mullon, Jean-Baptiste"]
[Result "0-1"]
[LiveChessVersion "1.4.8"]
[BlackElo "2388"]
[WhiteElo "2259"]

1. e4 {[%clk 0:15:09]} c5 {[%clk 0:15:06]} 2. Nf3 {[%clk 0:15:12]} e6
{[%clk 0:15:09]} 3. d4 {[%clk 0:15:16]} cxd4 {[%clk 0:15:13]} 4. Nxd4
{[%clk 0:15:20]} a6 {[%clk 0:15:17]} 5. c4 {[%clk 0:15:16]} Nf6 {[%clk 0:15:13]}
6. Nc3 {[%clk 0:15:18]} Qc7 {[%clk 0:15:16]} 7. Be3 {[%clk 0:14:12]} b6
{[%clk 0:14:36]} 8. Be2 {[%clk 0:13:55]} Bb7 {[%clk 0:14:07]} 9. f3
{[%clk 0:13:39]} Bd6 {[%clk 0:13:16]} 10. Qd2 {[%clk 0:13:08]} Bxh2
{[%clk 0:12:23]} 11. O-O-O {[%clk 0:13:01]} Be5 {[%clk 0:11:56]} 12. g4
{[%clk 0:12:03]} Nc6 {[%clk 0:11:13]} 13. Nxc6 {[%clk 0:11:13]} dxc6
{[%clk 0:10:33]} 14. Na4 {[%clk 0:09:06]} Nd7 {[%clk 0:05:54]} 15. f4
{[%clk 0:08:19]} Bf6 {[%clk 0:05:56]} 16. Qxd7+ {[%clk 0:07:15]} Qxd7
{[%clk 0:06:00]} 17. Rxd7 {[%clk 0:07:18]} Kxd7 {[%clk 0:05:52]} 18. Nxb6+
{[%clk 0:07:21]} Kc7 {[%clk 0:05:26]} 19. Nxa8+ {[%clk 0:07:23]} Bxa8
{[%clk 0:05:30]} 20. c5 {[%clk 0:07:05]} Bb7 {[%clk 0:05:33]} 21. Bd2
{[%clk 0:06:40]} Bd4 {[%clk 0:05:06]} 22. b4 {[%clk 0:06:24]} a5 {[%clk 0:05:04]}
23. bxa5 {[%clk 0:05:16]} Bxc5 {[%clk 0:05:08]} 24. Kc2 {[%clk 0:04:50]} h6
{[%clk 0:04:08]} 25. g5 {[%clk 0:04:00]} Bd4 {[%clk 0:03:54]} 26. a6
{[%clk 0:03:02]} Ba8 {[%clk 0:03:59]} 27. f5 {[%clk 0:02:42]} exf5
{[%clk 0:03:55]} 28. exf5 {[%clk 0:02:45]} c5 {[%clk 0:03:58]} 29. Bf4+
{[%clk 0:02:09]} Kb6 {[%clk 0:03:50]} 30. Rb1+ {[%clk 0:02:10]} Ka7
{[%clk 0:03:54]} 31. gxh6 {[%clk 0:01:43]} gxh6 {[%clk 0:03:46]} 32. Bd3
{[%clk 0:01:25]} Rc8 {[%clk 0:03:47]} 33. Re1 {[%clk 0:01:14]} c4
{[%clk 0:03:34]} 34. Re7+ {[%clk 0:01:17]} Kxa6 {[%clk 0:03:36]} 35. Be2
{[%clk 0:00:58]} Bd5 {[%clk 0:02:26]} 36. Bxh6 {[%clk 0:00:41]} Rb8
{[%clk 0:02:29]} 37. Bc1 {[%clk 0:00:42]} Kb5 {[%clk 0:02:17]} 38. Rd7
{[%clk 0:00:36]} Kc6 {[%clk 0:02:17]} 39. Re7 {[%clk 0:00:35]} Bc5
{[%clk 0:01:57]} 40. Re5 {[%clk 0:00:33]} f6 {[%clk 0:01:54]} 41. Rxd5
{[%clk 0:00:31]} Kxd5 {[%clk 0:01:58]} 42. Bf4 {[%clk 0:00:29]} Re8
{[%clk 0:01:27]} 43. Bf3+ {[%clk 0:00:33]} Kd4 {[%clk 0:01:31]} 44. Bd2
{[%clk 0:00:27]} Be7 {[%clk 0:01:19]} 45. a4 {[%clk 0:00:27]} Rb8
{[%clk 0:01:12]} 46. a5 {[%clk 0:00:29]} Rb3 {[%clk 0:00:59]} 47. Bc6
{[%clk 0:00:16]} Bb4 {[%clk 0:00:49]} 48. a6 {[%clk 0:00:17]} Bc5
{[%clk 0:00:34]} 49. Be1 {[%clk 0:00:12]} Ke3 {[%clk 0:00:37]} 50. Bc3
{[%clk 0:00:13]} Ra3 {[%clk 0:00:38]} 51. Bb7 {[%clk 0:00:16]} Bd4
{[%clk 0:00:40]} 52. Bd2+ {[%clk 0:00:13]} Ke2 {[%clk 0:00:42]} 53. Bb4
{[%clk 0:00:13]} Ra2+ {[%clk 0:00:43]} 54. Kb1 {[%clk 0:00:18]} Rb2+
{[%clk 0:00:46]} 0-1